Regioni della Spagna - Quiz con mappa - Statistics

Statistiche generali
  • Questo quiz è stato fatto 19.411 volte
  • Il punteggio medio è 9 su 17
Risposte nella Mappa
Le risposte nella mappa del quiz sottostante sono codificate secondo una scala di colori dal rosso al verde in base alla % di persone che hanno risposto correttamente.
 
Statistiche sulle risposte
Risposta % Corretto
Isole Baleari
82%
Isole Canarie
82%
Catalogna
75%
Andalusia
73%
Madrid
71%
Valencia
61%
Galizia
57%
Castiglia e León
52%
Paesi Baschi
51%
Castiglia-La Mancia
48%
Estremadura
48%
Murcia
48%
Aragona
43%
Asturie
43%
La Rioja
39%
Cantabria
33%
Navarra
32%
Nessun quiz corrispondente trovato
Distribuzione punteggi
Percentuale di utenti per punteggio
Percentile per numero di risposta
I tuoi punteggi nel tempo
Non hai fatto questo quiz